000 00487nmm a2200181Ia 4500
008 251105s9999||||xx |||||||||||||||||und||
020 _a9788415578819
041 _aspa
100 _aBenson, E. F.
245 0 _aLa señorita Mapp
264 _a[Madrid, España] :
_bImpedimenta,
_c2014
300 _a384 páginas
650 _aEnglish Narrative
700 _aBenson, E. F.
700 1 _a C. Vales, José
856 _uhttps://public.digitaliapublishing.com/a/33860
942 _cCF
999 _c62740
_d62740